| 000 | 00567nam a2200229Ia 4500 | ||
|---|---|---|---|
| 003 | OSt | ||
| 005 | 20221005124602.0 | ||
| 006 | a|||||r|||| 00| 0 | ||
| 007 | ta | ||
| 008 | 221004b |||||||| |||| 00| 0 mal d | ||
| 024 | _a59057 | ||
| 037 | _cTextual | ||
| 040 |
_aCRL _cCRL _bmal |
||
| 041 |
_2mal _amal |
||
| 082 | _aY:351.222:g, 32J4 | ||
| 245 | 0 | _aNammute nadan pattukal | |
| 260 | _c1954 | ||
| 650 | _a SOCIOLOGY | ||
| 650 |
_aMALAYALAM LITERATURE _938866 |
||
| 942 |
_hY:351.222:g, 32J4 _cTEXL _2cc |
||
| 999 |
_c1050928 _d1050928 |
||